<?xml version="1.0" encoding="UTF-8"?>
<marc:record xmlns:marc="http://www.loc.gov/MARC21/slim">
   <marc:leader>00000nam a2200000 a 4500</marc:leader>
   <marc:datafield ind1="1" ind2=" " tag="100">
      <marc:subfield code="a">Kliebenstein, Juma</marc:subfield>
      <marc:subfield code="4">aut</marc:subfield>
      <marc:subfield code="e">Verfasser/-in</marc:subfield>
   </marc:datafield>
   <marc:datafield ind1="0" ind2="0" tag="245">
      <marc:subfield code="a">Bettys ultimativer Berater-Blog</marc:subfield>
   </marc:datafield>
   <marc:datafield ind1="0" ind2="0" tag="245">
      <marc:subfield code="c">Juma Kliebenstein. Zeichn. von Carolin Liepins</marc:subfield>
   </marc:datafield>
   <marc:datafield ind1=" " ind2="1" tag="264">
      <marc:subfield code="a">Hamburg</marc:subfield>
      <marc:subfield code="b">Oetinger</marc:subfield>
      <marc:subfield code="c">2012</marc:subfield>
   </marc:datafield>
   <marc:datafield ind1="1" ind2=" " tag="520">
      <marc:subfield code="a">Angaben aus der Verlagsmeldung

Bettys ultimativer Berater-Blog. Kein bisschen schlauer / von Juma Kliebenstein

Betty zwischen allen Jungs! Blog-Einträge aus dem Katastrophenalltag. In Bettys Leben passiert so einiges! Sie verliebt sich in Ivo, aber während die beiden noch umeinander herumschleichen und sich in Missverständnisse verstricken, taucht plötzlich dieser coole argentinische Austauschschüler auf. Und von wem stammt der anonyme Liebesbrief? Betty rätselt und berichtet über ihre Erlebnisse im ultimativen Betty-Blog, kurz, knapp, frech und absolut ehrlich! Autorin Juma Kliebenstein erzählt über das unsterbliche Thema Liebe und Erwachsenwerden hier ganz modern mithilfe sozialer Netzwerke und passenderweise in besonders coolem Layout! www.bettys-blog.de.de
</marc:subfield>
   </marc:datafield>
   <marc:datafield ind1=" " ind2=" " tag="020">
      <marc:subfield code="a">9783789140532</marc:subfield>
      <marc:subfield code="9">9783789140532</marc:subfield>
   </marc:datafield>
   <marc:datafield ind1=" " ind2=" " tag="020">
      <marc:subfield code="a">3789140538</marc:subfield>
      <marc:subfield code="9">3789140538</marc:subfield>
   </marc:datafield>
   <marc:datafield ind1=" " ind2=" " tag="300">
      <marc:subfield code="a">158 S.</marc:subfield>
   </marc:datafield>
</marc:record>
